Kommentar Zu Nietzsches Unzeitgemässen Betrachtungen : III. Schopenhauer Als Erzieher. IV. Richard Wagner in Bayreuth.

An der Heidelberger Akademie der Wissenschaften entsteht der erste umfassende historische und kritische Kommentar zum Werk Friedrich Nietzsches. Obwohl Nietzsche zu den wirkungsmächtigsten Denkern der Moderne gehört, fehlte bisher ein übergreifender Kommentar zu seinem Gesamtwerk, der die philoso...

Full description

Bibliographic Details
Main Author: Neymeyr, Barbara.
Format: eBook
Language:German
Published: Berlin/Boston : Walter de Gruyter GmbH, 2020.
Edition:1st ed.
Subjects:
Online Access:Click to View
LEADER 02386nam a22003613i 4500
001 EBC6286756
003 MiAaPQ
005 20231204023214.0
006 m o d |
007 cr cnu||||||||
008 231204s2020 xx o ||||0 ger d
020 |a 9783110677966  |q (electronic bk.) 
035 |a (MiAaPQ)EBC6286756 
035 |a (Au-PeEL)EBL6286756 
035 |a (OCoLC)1183956521 
040 |a MiAaPQ  |b eng  |e rda  |e pn  |c MiAaPQ  |d MiAaPQ 
100 1 |a Neymeyr, Barbara. 
245 1 0 |a Kommentar Zu Nietzsches Unzeitgemässen Betrachtungen :  |b III. Schopenhauer Als Erzieher. IV. Richard Wagner in Bayreuth. 
250 |a 1st ed. 
264 1 |a Berlin/Boston :  |b Walter de Gruyter GmbH,  |c 2020. 
264 4 |c {copy}2020. 
300 |a 1 online resource (678 pages) 
336 |a text  |b txt  |2 rdacontent 
337 |a computer  |b c  |2 rdamedia 
338 |a online resource  |b cr  |2 rdacarrier 
505 0 |a Intro -- Inhalt -- Vorwort -- Hinweise zur Benutzung -- Siglenverzeichnis -- Editorische Zeichen -- III. Schopenhauer als Erzieher -- Überblickskommentar -- Stellenkommentar -- IV. Richard Wagner in Bayreuth -- Überblickskommentar -- Stellenkommentar -- Bibliographie -- Sach- und Begriffsregister -- Personenregister. 
520 |a An der Heidelberger Akademie der Wissenschaften entsteht der erste umfassende historische und kritische Kommentar zum Werk Friedrich Nietzsches. Obwohl Nietzsche zu den wirkungsmächtigsten Denkern der Moderne gehört, fehlte bisher ein übergreifender Kommentar zu seinem Gesamtwerk, der die philosophischen, historischen und literarischen Voraussetzungen und Kontexte erschließt. Für die künftige Nietzsche-Forschung bildet dieser Kommentar zu Friedrich Nietzsches Werken eine unentbehrliche Grundlage. Die Ausgabe wird 2023 abgeschlossen sein. 
588 |a Description based on publisher supplied metadata and other sources. 
590 |a Electronic reproduction. Ann Arbor, Michigan : ProQuest Ebook Central, 2023. Available via World Wide Web. Access may be limited to ProQuest Ebook Central affiliated libraries.  
655 4 |a Electronic books. 
776 0 8 |i Print version:  |a Neymeyr, Barbara  |t Kommentar Zu Nietzsches Unzeitgemässen Betrachtungen  |d Berlin/Boston : Walter de Gruyter GmbH,c2020 
797 2 |a ProQuest (Firm) 
856 4 0 |u https://ebookcentral.proquest.com/lib/matrademy/detail.action?docID=6286756  |z Click to View